000 00352nam a2200145Ia 4500
008 150201s2012 xx 000 0 und d
082 _a614.1
_bF12G
100 _aGUHARAJ, P.V.
245 _aFORENSIC MEDICINE
250 _a2ND
260 _bUNIVERSITY PRESS
_aHYD, INDIA
_c2012
300 _a1-471
650 _aFORENSIC MEDICINE
942 _2ddc
_cBK
_01
999 _c1626
_d1626